Vybrané problémy projektovania distribuovaného spracovania dát

Enregistré dans:
Détails bibliographiques
Auteur principal: Čarnický, Štefan
Autres auteurs: Gajdoš, Jozef, 1962-2025, Ferenc, Jaroslav
Format: Chapitre de livre
Langue:slovaque
Tags: Ajouter un tag
Pas de tags, Soyez le premier à ajouter un tag!

MARC

LEADER 00000naa$a2200000$$$4500
001 0103783
005 20240502072130.1
041 0 |a slo 
044 |a SK 
245 1 0 |a Vybrané problémy projektovania distribuovaného spracovania dát  |c Štefan Čarnický, Jozef Gajdoš, Jaroslav Ferenc 
100 1 |a Čarnický, Štefan 
700 1 |a Gajdoš, Jozef, 1962-2025 
700 1 |a Ferenc, Jaroslav